| 000 | 00406nam a22001697a 4500 | ||
|---|---|---|---|
| 003 | MPLRDC | ||
| 005 | 20220104143442.0 | ||
| 008 | 210129b ||||| |||| 00| 0 eng d | ||
| 082 | _a177.2 CSZH v.9 | ||
| 100 | _a林振辉编译 | ||
| 245 |
_a知人, 知面, 知其心 _c |
||
| 260 |
_a _b大展出版社 _c1981 |
||
| 300 | _b平 | ||
| 490 | _a处世智慧;9 | ||
| 650 | _a | ||
| 942 |
_cBK _o177.2 CSZH v.9 |
||
| 999 |
_c40040 _d40030 |
||